| 000 -LEADER | |
|---|---|
| fixed length control field | 00416nam a22001457a 4500 |
| 020 ## - INTERNATIONAL STANDARD BOOK NUMBER | |
| ISBN | 0802823874 |
| 050 ## - LIBRARY OF CONGRESS CALL NUMBER | |
| Classification number | BS 2685.3 bru |
| 100 ## - MAIN ENTRY--AUTHOR NAME | |
| Personal name | BRUCE, F.F. |
| 245 ## - TITLE STATEMENT | |
| Title | The Epistle to the Galatians: a commentary on the Greek text |
| 260 ## - PUBLICATION, DISTRIBUTION, ETC. (IMPRINT) | |
| Place of publication | Grand Rapids, Michigan |
| Name of publisher | William Eerdmans Pub. |
| Year of publication | 1982 |
| 300 ## - PHYSICAL DESCRIPTION | |
| Number of Pages | xx, 305p. Index |
| 650 ## - SUBJECT ADDED ENTRY--TOPICAL TERM | |
| Topical Term | Bible N.T.-Galatians commentaries |
| 942 ## - ADDED ENTRY ELEMENTS (KOHA) | |
| Koha item type | Books |
| 988 ## - PAGINATION/EXTENT | |
| PAGINATION/EXTENT | xx, 305p. Index |
| Koha item type | Collection code | Shelving location | Accession Number | Permanent Location | Current Location | Date acquired | Full call number |
|---|---|---|---|---|---|---|---|
| Books | Lending | Lending | 4213 | Chapman Library | Chapman Library | 2017-03-04 | BS 2685.3 bru |

